| 000 | 00694nam a2200265Ia 4500 | ||
|---|---|---|---|
| 003 | OSt | ||
| 005 | 20220912151523.0 | ||
| 006 | a|||||r|||| 00| 0 | ||
| 007 | ta | ||
| 008 | 220909b |||||||| |||| 00| 0 eng d | ||
| 024 | _a50322 | ||
| 037 | _cTextual | ||
| 040 |
_aCSL _beng _cCSL |
||
| 041 | _aeng | ||
| 082 | _aI23:11.4g7H, L7 | ||
| 100 | _aRattan S S | ||
| 245 | 0 | _aResupinate aphyllophorales of the North Western Himalayas | |
| 260 |
_aGermany _bJ Kramer _c1977 |
||
| 300 |
_a427p. _ccm. |
||
| 490 | _aBiblotheca mycologica; 60 | ||
| 650 | _a Fungi | ||
| 650 | _aBotany | ||
| 942 |
_hI23:11.4g7H, L7 _cTEXL _2CC |
||
| 999 |
_c70522 _d70522 |
||